Представление документа в формате MARC21

ПолеНазваниеЗначение
  Тип записи a
  Библиографический уровень m
001 Контрольный номер RU/URAIT/582712
005 Дата корректировки 20260429163711.8
008 Кодируемые данные 260429s2026 RU y f j 000 0 rus u
020 Индекс ISBN __
a ISBN 978-5-534-02942-0
c Цена, тираж 1569.00
040 Источник каталогиз. __
a Служба первич. каталог. ИКО Юрайт
c Служба, преобразующая запись ИКО Юрайт
e Правила каталог. RCR
041 Код языка издания __
a Код языка текста rus
044 Код страны публикации __
a Код страны публикации RU
080 Индекс УДК __
a Индекс УДК 159.9:34(075.8)
084 Индекс другой классификации/Индекс ББК __
2 Источник индекса rubbk
a Индекс другой классификации/Индекс ББК 88.4я73
100 Автор __
a Автор Холостова Е. И.
q Полное имя Холостова Евдокия Ивановна
245 Заглавие __
a Заглавие Теория социальной работы
b Продолж. заглавия учебник для вузов
c Ответственность Е. И. Холостова [и др.] ; под редакцией Е. И. Холостовой, Л. И. Кононовой, М. В. Вдовиной.
250 Сведения об издании __
g пер. и доп
a Основные сведения об издании 3-е изд.
256 Характеристики компьютерного файла __
a Характеристики компьютерного файла Электрон. дан.
260 Выходные данные __
a Место издания Москва
b Издательство Юрайт
c Дата издания 2026
300 Физическое описание __
a Объем 288 с
440 Серия __
a Серия Высшее образование
500 Примечания __
a Примечание URL: https://urait.ru/bcode/582712 (дата обращения: 29.04.2026).
520 Аннотация __
a Аннотация В учебнике социальная работа рассматривается как феномен общественного развития России. Анализируются современные теории и актуальные проблемы социальной работы и социального образования. Значительное внимание уделяется научному обоснованию социального развития и социальной работы в условиях модернизации общества, формированию системы социальной защиты населения. Дается анализ социального обслуживания граждан в нашей стране. Соответствует актуальным требованиям Федерального государственного образовательного стандарта высшего образования. Книга адресована преподавателям, слушателям программ переподготовки и повышения квалификации, студентам и аспирантам, специализирующимся в области социальной работы, а также руководящим кадрам и специалистам системы социальной защиты населения.
538 Прим. о системных особенностях __
a Прим. о системных особенностях Режим доступа: Электронно-библиотечная система Юрайт, для авториз. пользователей
653 Ключевые слова __
a Ключевые слова Социология
653 Ключевые слова __
a Ключевые слова Общественные науки
653 Ключевые слова __
a Ключевые слова Теория социальной работы
653 Ключевые слова __
a Ключевые слова Инновации в социальной работе
653 Ключевые слова __
a Ключевые слова Исторический опыт социальной работы с разными группами населения в России и за рубежом
653 Ключевые слова __
a Ключевые слова Современные концепции социальной работы за рубежом
653 Ключевые слова __
a Ключевые слова Технологии социальной работы с различными группами населения
653 Ключевые слова __
a Ключевые слова Теоретические модели и практика социальной работы за рубежом
653 Ключевые слова __
a Ключевые слова Групповые методы в социальной работе
653 Ключевые слова __
a Ключевые слова Эффективность социальной работы
653 Ключевые слова __
a Ключевые слова Научные школы теории социальной работы в России и за рубежом
653 Ключевые слова __
a Ключевые слова Технологические аспекты социальной работы
700 Другие авторы __
a Другие авторы Акимова Ю. А.
q Полное имя Акимова Юлия Александровна
700 Другие авторы __
a Другие авторы Демидова Т. Е.
q Полное имя Демидова Татьяна Евгеньевна
700 Другие авторы __
a Другие авторы Климантова Г. И.
q Полное имя Климантова Галина Ивановна
700 Другие авторы __
a Другие авторы Малофеев И. В.
q Полное имя Малофеев Иван Вячеславович
700 Другие авторы __
a Другие авторы Петросян В. А.
q Полное имя Петросян Владимир Аршакович
700 Другие авторы __
a Другие авторы Топчий Л. В.
q Полное имя Топчий Леонид Васильевич
700 Другие авторы __
a Другие авторы Шеляг Т. В.
q Полное имя Шеляг Татьяна Васильевна
700 Другие авторы __
a Другие авторы Кононова Л. И.
q Полное имя Кононова Людмила Ивановна
4 Код отношения 340
700 Другие авторы __
a Другие авторы Вдовина М. В.
q Полное имя Вдовина Маргарита Владимировна
4 Код отношения 340
856 Электронный адрес документа 40
n Местонахождение сервера Юрайт
g Электронная книга
q Тип электронного формата html
h Имя пользователя ЮРАЙТ
v Часы доступа к ресурсу 20271231
2 Способ доступа Показать документ
x Служебное примечание https://urait.ru/book/cover/F3950FC7-186C-4F52-9A6B-DB0670BD7DE4
u URL https://urait.ru/bcode/582712
856 Электронный адрес документа 48
q Тип электронного формата cover
u URL https://urait.ru/book/cover/F3950FC7-186C-4F52-9A6B-DB0670BD7DE4
911 __
u 0030=https://urait.ru/bcode/582712
911 __
u 073a=9785534029420
u 073d=1569.00
911 __
u 106a=s
911 __
u 900l=
952 Тип литературы __
i Дисциплина Теория социальной работы
952 Тип литературы __
i Дисциплина Инновации в социальной работе
952 Тип литературы __
i Дисциплина Исторический опыт социальной работы с разными группами населения в России и за рубежом
952 Тип литературы __
i Дисциплина Современные концепции социальной работы за рубежом
952 Тип литературы __
i Дисциплина Технологии социальной работы с различными группами населения
952 Тип литературы __
i Дисциплина Теоретические модели и практика социальной работы за рубежом
952 Тип литературы __
i Дисциплина Групповые методы в социальной работе
952 Тип литературы __
i Дисциплина Эффективность социальной работы
952 Тип литературы __
i Дисциплина Научные школы теории социальной работы в России и за рубежом
952 Тип литературы __
i Дисциплина Технологические аспекты социальной работы